[Event "Halifax"]
[Site "Halifax"]
[Date "2018.07.08"]
[Round "5"]
[White "Gonzalez Cueto, Jose"]
[Black "McKay, Brian"]
[Result "1-0"]
[WhiteElo "2059"]
[BlackElo "1936"]
[PlyCount "123"]
[EventDate "2018.07.07"]
[EventType "tourn"]
[EventRounds "5"]
[EventCountry "CAN"]
[SourceTitle "EXT 2022"]
[Source "ChessBase"]
[SourceDate "2021.10.06"]
[SourceVersion "1"]
[SourceVersionDate "2021.10.06"]
[SourceQuality "1"]

1. d4 Nf6 2. Nf3 g6 3. g3 d6 4. Bg2 Bg7 5. 0-0 Nbd7 6. Nbd2 0-0 7. b3 c5 8. Bb2 Rb8 9. e4 cxd4 10. Nxd4 a6 11. Re1 Qc7 12. Rc1 b5 13. Qe2 Bb7 14. c4 b4 15. Nf1 Qb6 16. Rcd1 Ne5 17. Kh1 Neg4 18. f3 Ne5 19. Ne3 e6 20. Ndc2 Ned7 21. Ba1 Rfd8 22. Qd2 Ne5 23. Bxe5 dxe5 24. Qxb4 Qc7 25. Qc3 Nh5 26. b4 f5 27. c5 Rxd1 28. Rxd1 Rd8 29. Rb1 Nf4 30. gxf4 exf4 31. Qc4 fxe3 32. Qxe6+ Kh8 33. Nxe3 fxe4 34. fxe4 Qf4 35. Nd5 Bxd5 36. exd5 Be5 37. Qh3 g5 38. a3 g4 39. Qh4 Rg8 40. Rf1 Qd4 41. d6 Qd3 42. Qe7 Bb2 43. Re1 Bc3 44. Be4 Qh3 45. Bg2 Qh5 46. Rf1 Be5 47. h4 gxh3 48. Be4 Bg7 49. d7 Qe2 50. Rg1 h2 51. Rxg7 Qd1+ 52. Kxh2 Qh5+ 53. Kg3 Rxg7+ 54. Qxg7+ Kxg7 55. d8Q Qe5+ 56. Kf3 Qc3+ 57. Kf4 Qc1+ 58. Ke5 Qc3+ 59. Kd6 Qd4+ 60. Bd5 Qf4+ 61. Kc6 Qh6+ 62. Kb7 1-0

[Event "Halifax"]
[Site "Halifax"]
[Date "2018.07.07"]
[Round "1"]
[White "McKay, Brian"]
[Black "Abela, Paul"]
[Result "0-1"]
[WhiteElo "1936"]
[BlackElo "1876"]
[PlyCount "55"]
[EventDate "2018.07.07"]
[EventType "tourn"]
[EventRounds "5"]
[EventCountry "CAN"]
[SourceTitle "EXT 2022"]
[Source "ChessBase"]
[SourceDate "2021.10.06"]
[SourceVersion "1"]
[SourceVersionDate "2021.10.06"]
[SourceQuality "1"]

1. e4 c5 2. Nf3 d6 3. d4 cxd4 4. c3 d3 5. Bxd3 Nf6 6. 0-0 Nc6 7. h3 Qc7 8. Re1 e5 9. Nbd2 h6 10. Nf1 Be6 11. Ng3 0-0-0 12. a4 d5 13. Qe2 dxe4 14. Nxe4 Nd5 15. Ng3 Bd6 16. Bf5 Rhe8 17. Bd2 Kb8 18. b4 a6 19. Be4 f5 20. Bxd5 Bxd5 21. Bxh6 e4 22. Bg5 Qf7 23. Bxd8 Nxd8 24. Qd2 Bc7 25. a5 f4 26. Ng5 Qg8 27. N3xe4 f3 28. Nf6 0-1

[Event "Halifax"]
[Site "Halifax"]
[Date "2017.07.07"]
[Round "1"]
[White "Gonzalez Cueto, Jose"]
[Black "McKay, Brian"]
[Result "1-0"]
[WhiteElo "2028"]
[BlackElo "1885"]
[PlyCount "97"]
[EventDate "2017.07.07"]
[EventType "tourn"]
[EventRounds "5"]
[EventCountry "CAN"]
[SourceTitle "EXT 2022"]
[Source "ChessBase"]
[SourceDate "2021.10.06"]
[SourceVersion "1"]
[SourceVersionDate "2021.10.06"]
[SourceQuality "1"]

1. d4 Nf6 2. Nf3 g6 3. g3 Bg7 4. Bg2 d6 5. 0-0 0-0 6. c4 Nbd7 7. Nc3 c5 8. d5 a6 9. Re1 Qa5 10. e4 b5 11. e5 Ng4 12. exd6 exd6 13. Ne4 Qb6 14. Qb3 Nde5 15. h3 Nxf3+ 16. Bxf3 Ne5 17. Be2 Bxh3 18. f4 Ng4 19. Nf2 Bd4 20. Bxg4 Bxg4 21. Be3 Bxe3 22. Rxe3 Bd7 23. Rae1 Rfe8 24. Ne4 Qd8 25. Qc3 b4 26. Qf6 Bf5 27. Qxd6 Bxe4 28. Qxd8 Raxd8 29. Rxe4 Rxe4 30. Rxe4 Kf8 31. Kf2 Rd6 32. Kf3 h6 33. g4 a5 34. Re2 a4 35. Rh2 Kg7 36. Ke4 f6 37. Rg2 Rd7 38. Rd2 Rd6 39. f5 g5 40. Kf3 Kf7 41. Rh2 Kg7 42. Re2 Kf7 43. Re6 Rd8 44. d6 Rd7 45. Ke4 Ra7 46. Kd5 h5 47. gxh5 Kg7 48. Re7+ Rxe7 49. dxe7 1-0

[Event "Canadian op U2000"]
[Site "Kitchener"]
[Date "2006.07.17"]
[Round "3"]
[White "Doucette, Patrick"]
[Black "McKay, Brian"]
[Result "0-1"]
[WhiteElo "1850"]
[BlackElo "1720"]
[PlyCount "52"]
[EventDate "2006.07.15"]
[EventType "swiss"]
[EventRounds "9"]
[EventCountry "CAN"]
[SourceTitle "CBM 113 Extra"]
[Source "ChessBase"]
[SourceDate "2006.09.14"]
[SourceVersion "1"]
[SourceVersionDate "2006.09.14"]
[SourceQuality "1"]

1. c4 g6 2. Nc3 Bg7 3. g3 d6 4. Bg2 Nd7 5. d4 c5 6. e3 Ngf6 7. Nge2 0-0 8. 0-0 Ne8 9. e4 e5 10. dxc5 Nxc5 11. Be3 Ne6 12. c5 f5 13. f4 fxe4 14. Nxe4 d5 15. Nd6 d4 16. Bf2 Nxc5 17. Nxc8 Rxc8 18. fxe5 d3 19. Nf4 Bxe5 20. Bxc5 Rxc5 21. Qb3+ Kh8 22. Nxg6+ hxg6 23. Rxf8+ Kg7 24. Qf7+ Kh6 25. Rh8+ Bxh8 26. Qf8+ Bg7 0-1